00453nam a2200133Ia 4500008004100000020001800041050001600059245002400075260003100099300001100130650005600141952010500197999001700302120626s9999 xx 000 0 und d a84-234-1742-5 aHG4551 D487 aBolsa e inversiòn aBilbao ; España : Deusto a254 p. a1. BOLSA DE VALORES 2. INVERSIONES 3. FINANZASÌ 00104070a09b09d2009-01-22l1oHG4551 D487p09 002686r2017-06-14s2017-06-14t2w2012-06-26yLB c64249d64249